Kvalita získavania, spracovania a distruibúcie informácií v znalostnej spoločnosti

Kvalitná práca s informáciami, dátami a znalosťami je jednou z najdôležitejších konkurenčných výhod každej organizácie. Štandardne vyvinuté podnikové informačné systémy ako ERP, MIS, EIS a efektívne fungovanie organizácií. Informačné potreby a požiadavky akéhokoľvek účastníka siete.

Saved in:
Bibliographic Details
Main Author: Dugas, Jaroslav, 1967-
Other Authors: Ferencz, Vojtech, Stankovič, Lýdia
Format: Book Chapter
Language:Slovak
Subjects:
Tags: Add Tag
No Tags, Be the first to tag this record!

MARC

LEADER 00000nla a2200000 4500
001 0199490
005 20240502073359.5
041 0 |a slo 
044 |a SK 
245 1 0 |a Kvalita získavania, spracovania a distruibúcie informácií v znalostnej spoločnosti  |c Jaroslav Dugas, Vojtech Ferencz, Lýdia Stankovič 
520 |a Kvalitná práca s informáciami, dátami a znalosťami je jednou z najdôležitejších konkurenčných výhod každej organizácie. Štandardne vyvinuté podnikové informačné systémy ako ERP, MIS, EIS a efektívne fungovanie organizácií. Informačné potreby a požiadavky akéhokoľvek účastníka siete. 
610 2 0 |a systémy informačné podnikové 
610 2 0 |a distribúcia informácií 
610 2 0 |a informatika 
610 2 0 |a proces informačný 
610 2 0 |a miera informácií 
100 1 |a Dugas, Jaroslav, 1967- 
700 1 |a Ferencz, Vojtech 
700 1 |a Stankovič, Lýdia